000 00372nam a2200145Ia 4500
008 230711s9999||||xx |||||||||||||| ||und||
041 _aENG
082 _a620
_bJA-M
100 _aJagdish lal
245 0 _aTheory of mechanism and machine
250 _a1st
260 _c1978
_aNew Delhi
_bMetropolitan Book Co.Private LTD
650 _aMechanical Engineering
942 _cBK
999 _c1449
_d1449